00341nam a2200133 a 4500008004100000020001500041050001800056100001800074245004800092250001200140260002900152300001700181350000900198120416s0000 ||||||||||||||||| || u a1850916063 aHG 4027.7 Bar aBarrow, Colin10aFinancial management for the small business a2nd ed. aLondonbKogan Pagec1988 a273p. : ill. a0.00